000 01072nam a2200301 a 4500
001 2262789
003 ARRUPE
005 20161017154214.0
008 810519s1977 tz a b 001 0 eng
010 _a 77981091
040 _aDLC
_cDLC
_dDLC
043 _af-sa---
_afs-----
_an-us---
050 0 0 _aHD2922
_b.S44 1977
082 0 0 _a338.8/8973/068
_219
100 1 _aSeidman, Ann Willcox,
_d1926-
_923733
245 1 0 _aU.S. multinationals in southern Africa /
_cby Ann and Neva Seidman.
260 _aDar es Salaam :
_bTanzania Pub. House,
_c1977.
300 _axii, 252 p.;
_bill. ;
_c22 cm.
504 _aIncludes bibliographies and index.
650 0 _aCorporations, American
_zSouth Africa.
_925853
650 0 _aInvestments, American
_zSouth Africa.
_925852
650 0 _aCorporations, American
_zAfrica, Southern.
_926823
650 0 _aInvestments, American
_zAfrica, Southern.
_926824
700 1 _aMakgetla, Neva.
_925851
740 0 _aUS multinationals in southern Africa.
906 _a7
_bcbc
_corignew
_d3
_encip
_f19
_gy-gencatlg
942 _2lcc
_cMONOGRAPH
999 _c125533
_d125533